[Event "DEM U12 2018"]
[Site "Willingen GER"]
[Date "2018.05.25"]
[Round "9"]
[White "Eilenberg, Jonas"]
[Black "Tham, Nam"]
[Result "0-1"]
[Termination "normal"]
[Board "1"]
[WhiteElo "1852"]
[BlackElo "1866"]
[WhiteClock "00:25:01"]
[BlackClock "00:09:53"]
[PlyCount "106"]
[WhiteFideId "16204271"]
[BlackFideId "12997331"]
[EventCountry "GER"]
[EventRounds "11"]
[EventType "swiss"]
[EventDate "2018.05.19"]

1. d4 {[%clk 1:15:57]} 1... d5 {[%clk 1:15:55]} 2. c4 {[%clk 1:16:23]} 2... e6
{[%clk 1:16:19]} 3. Nc3 {[%clk 1:16:48]} 3... c6 {[%clk 1:16:44]} 4. Bf4 {
[%clk 1:17:14]} 4... Nf6 {[%clk 1:16:56]} 5. e3 {[%clk 1:17:30]} 5... Nbd7 {
[%clk 1:16:43]} 6. Bd3 {[%clk 1:16:26]} 6... Be7 {[%clk 1:15:54]} 7. Nf3 {
[%clk 1:16:07]} 7... O-O {[%clk 1:14:26]} 8. cxd5 {[%clk 1:16:02]} 8... exd5 {
[%clk 1:14:10]} 9. h3 {[%clk 1:16:20]} 9... Re8 {[%clk 1:13:40]} 10. O-O {
[%clk 1:16:36]} 10... h6 {[%clk 1:11:57]} 11. Qc2 {[%clk 1:15:32]} 11... Nf8 {
[%clk 1:10:02]} 12. Rab1 {[%clk 1:13:20]} 12... a5 {[%clk 1:08:59]} 13. a3 {
[%clk 1:08:37]} 13... Bd6 {[%clk 1:08:00]} 14. Bxd6 {[%clk 1:07:33]} 14... Qxd6
{[%clk 1:08:23]} 15. Ne5 {[%clk 1:07:10]} 15... N6d7 {[%clk 1:06:34]} 16. Nf3 {
[%clk 1:05:27]} 16... Nf6 {[%clk 1:05:51]} 17. Ne2 {[%clk 1:04:55]} 17... Ne4 {
[%clk 1:02:50]} 18. Bxe4 {[%clk 1:00:19]} 18... Rxe4 {[%clk 1:01:19]} 19. Ng3 {
[%clk 0:56:19]} 19... Re8 {[%clk 1:00:33]} 20. b4 {[%clk 0:52:41]} 20... b5 {
[%clk 0:55:03]} 21. Rfc1 {[%clk 0:51:33]} 21... Bd7 {[%clk 0:52:36]} 22. Ne5 {
[%clk 0:51:00]} 22... Rec8 {[%clk 0:52:34]} 23. Qc5 {[%clk 0:43:08]} 23... Qxc5
{[%clk 0:48:32]} 24. Rxc5 {[%clk 0:41:43]} 24... f6 {[%clk 0:45:05]} 25. Nf3 {
[%clk 0:41:18]} 25... Ne6 {[%clk 0:44:12]} 26. Rc3 {[%clk 0:41:06]} 26... Nd8 {
[%clk 0:43:58]} 27. Nh4 {[%clk 0:40:31]} 27... Nb7 {[%clk 0:41:58]} 28. Nhf5 {
[%clk 0:39:44]} 28... Kf7 {[%clk 0:42:01]} 29. f3 {[%clk 0:37:13]} 29... axb4 {
[%clk 0:32:41]} 30. axb4 {[%clk 0:37:15]} 30... Ra4 {[%clk 0:28:32]} 31. e4 {
[%clk 0:36:24]} 31... dxe4 {[%clk 0:24:03]} 32. fxe4 {[%clk 0:36:06]} 32... Kf8
{[%clk 0:19:04]} 33. Rc2 {[%clk 0:31:00]} 33... Kf7 {[%clk 0:16:56]} 34. Kf2 {
[%clk 0:30:48]} 34... Kf8 {[%clk 0:17:05]} 35. Ke2 {[%clk 0:27:42]} 35... Kf7 {
[%clk 0:16:55]} 36. Ne3 {[%clk 0:27:29]} 36... g6 {[%clk 0:16:07]} 37. Nh1 {
[%clk 0:26:29]} 37... Nd6 {[%clk 0:12:39]} 38. Nf2 {[%clk 0:25:35]} 38... Re8 {
[%clk 0:09:55]} 39. Kf3 {[%clk 0:23:59]} 39... Ra3 {[%clk 0:08:35]} 40. Rd2 {
[%clk 0:22:36]} 40... Bf5 {[%clk 0:03:37]} 41. Rc1 {[%clk 0:14:53]} 41... Bxe4+
{[%clk 0:09:39]} 42. Nxe4 {[%clk 0:30:08]} 42... Nxe4 {[%clk 0:09:50]} 43. Re2
{[%clk 0:30:33]} 43... Re6 {[%clk 0:09:45]} 44. Kf4 {[%clk 0:26:47]} 44... g5+
{[%clk 0:09:49]} 45. Kg4 {[%clk 0:26:16]} 45... Kg6 {[%clk 0:08:41]} 46. h4 {
[%clk 0:25:50]} 46... f5+ {[%clk 0:09:00]} 47. Kh3 {[%clk 0:25:35]} 47... f4 {
[%clk 0:09:24]} 48. d5 {[%clk 0:24:36]} 48... cxd5 {[%clk 0:09:14]} 49. Rc7 {
[%clk 0:24:43]} 49... Rxe3+ {[%clk 0:09:11]} 50. Rxe3 {[%clk 0:25:08]} 50...
fxe3 {[%clk 0:09:32]} 51. h5+ {[%clk 0:25:01]} 51... Kxh5 {[%clk 0:09:28]} 52.
Rg7 {[%clk 0:24:55]} 52... Nf2+ {[%clk 0:09:45]} 53. Kg3 {[%clk 0:25:01]} 53...
e2 {[%clk 0:09:53]} 0-1

[Event "DEM U12 2018"]
[Site "Willingen GER"]
[Date "2018.05.25"]
[Round "9"]
[White "Schubert, Nikita"]
[Black "Werner, Denis"]
[Result "1-0"]
[Termination "normal"]
[Board "2"]
[WhiteElo "1802"]
[BlackElo "1706"]
[WhiteClock "00:03:48"]
[BlackClock "00:44:04"]
[PlyCount "143"]
[WhiteFideId "16212339"]
[BlackFideId "16226429"]
[EventCountry "GER"]
[EventRounds "11"]
[EventType "swiss"]
[EventDate "2018.05.19"]

1. d4 {[%clk 1:15:58]} 1... d5 {[%clk 1:15:40]} 2. Nf3 {[%clk 1:16:22]} 2...
Nf6 {[%clk 1:15:31]} 3. g3 {[%clk 1:16:48]} 3... c6 {[%clk 1:15:31]} 4. Bg2 {
[%clk 1:17:07]} 4... Bf5 {[%clk 1:15:15]} 5. O-O {[%clk 1:17:01]} 5... h6 {
[%clk 1:15:03]} 6. c4 {[%clk 1:16:41]} 6... e6 {[%clk 1:14:53]} 7. Nc3 { [%clk
1:15:22]} 7... Be7 {[%clk 1:14:35]} 8. Qb3 {[%clk 1:13:34]} 8... Qb6 { [%clk
1:13:43]} 9. c5 {[%clk 1:12:44]} 9... Qxb3 {[%clk 1:12:35]} 10. axb3 { [%clk
1:13:07]} 10... O-O {[%clk 1:12:21]} 11. b4 {[%clk 1:05:02]} 11... a6 { [%clk
1:09:38]} 12. b5 {[%clk 0:54:18]} 12... cxb5 {[%clk 1:07:53]} 13. Nxb5 { [%clk
0:54:32]} 13... Nc6 {[%clk 1:08:03]} 14. Nc3 {[%clk 0:52:43]} 14... Nd7 { [%clk
1:04:35]} 15. Na4 {[%clk 0:34:22]} 15... Bc2 {[%clk 1:03:37]} 16. Bd2 { [%clk
0:34:04]} 16... Bxa4 {[%clk 1:01:15]} 17. Rxa4 {[%clk 0:34:18]} 17... f5 {[%clk
0:58:20]} 18. Rfa1 {[%clk 0:32:23]} 18... Kh7 {[%clk 0:55:39]} 19. b4 { [%clk
0:28:30]} 19... Rac8 {[%clk 0:54:41]} 20. e3 {[%clk 0:26:14]} 20... Ndb8 {[%clk
0:52:41]} 21. Bf1 {[%clk 0:25:42]} 21... Bd8 {[%clk 0:51:06]} 22. Rb1 { [%clk
0:19:20]} 22... Rf7 {[%clk 0:49:25]} 23. Ra2 {[%clk 0:17:49]} 23... Bf6 { [%clk
0:48:09]} 24. Bc3 {[%clk 0:15:34]} 24... g5 {[%clk 0:46:29]} 25. b5 { [%clk
0:14:29]} 25... axb5 {[%clk 0:46:38]} 26. Bxb5 {[%clk 0:14:30]} 26... Rcc7
{[%clk 0:44:55]} 27. Bd3 {[%clk 0:12:42]} 27... Kg7 {[%clk 0:44:36]} 28. Be2
{[%clk 0:11:03]} 28... Kg6 {[%clk 0:44:22]} 29. Rab2 {[%clk 0:10:45]} 29... Rg7
{[%clk 0:43:28]} 30. Kf1 {[%clk 0:10:16]} 30... Rgf7 {[%clk 0:42:55]} 31. Bd3
{[%clk 0:09:32]} 31... Kg7 {[%clk 0:43:17]} 32. Ke2 {[%clk 0:08:47]} 32... Kf8
{[%clk 0:42:32]} 33. Bb5 {[%clk 0:06:38]} 33... Kg7 {[%clk 0:42:42]} 34. Rh1
{[%clk 0:06:57]} 34... h5 {[%clk 0:41:47]} 35. h4 {[%clk 0:04:18]} 35... g4
{[%clk 0:42:00]} 36. Ne1 {[%clk 0:03:58]} 36... e5 {[%clk 0:41:49]} 37. Kd3 {
[%clk 0:03:07]} 37... Kh7 {[%clk 0:40:58]} 38. Ng2 {[%clk 0:02:48]} 38... Rfe7
{[%clk 0:39:08]} 39. Ra1 {[%clk 0:00:58]} 39... Kg7 {[%clk 0:38:06]} 40. Ra4 {
[%clk 0:00:45]} 40... Rc8 {[%clk 0:36:56]} 41. Ra8 {[%clk 0:13:35]} 41... Rcc7
{[%clk 0:50:10]} 42. Ba5 {[%clk 0:10:33]} 42... Nxa5 {[%clk 0:50:05]} 43. Rxa5
{[%clk 0:10:55]} 43... Nc6 {[%clk 0:49:56]} 44. Bxc6 {[%clk 0:10:50]} 44...
bxc6 {[%clk 0:49:48]} 45. Ra6 {[%clk 0:10:26]} 45... Re8 {[%clk 0:49:43]} 46.
Rbb6 {[%clk 0:10:01]} 46... Rec8 {[%clk 0:50:05]} 47. Ne1 {[%clk 0:10:18]}
47... exd4 {[%clk 0:48:21]} 48. exd4 {[%clk 0:10:22]} 48... Re7 {[%clk 0:48:13]
} 49. Nc2 {[%clk 0:09:23]} 49... Re6 {[%clk 0:48:01]} 50. Ne3 {[%clk 0:06:56]}
50... Bd8 {[%clk 0:47:10]} 51. Rb7+ {[%clk 0:06:08]} 51... Kf6 {[%clk 0:47:22]}
52. Ng2 {[%clk 0:05:38]} 52... Bc7 {[%clk 0:46:56]} 53. Raa7 {[%clk 0:04:50]}
53... Bb8 {[%clk 0:47:13]} 54. Ra8 {[%clk 0:04:38]} 54... Ree8 {[%clk 0:47:26]}
55. Rb6 {[%clk 0:04:34]} 55... Kf7 {[%clk 0:45:20]} 56. Raa6 {[%clk 0:03:21]}
56... Re6 {[%clk 0:45:40]} 57. Rb7+ {[%clk 0:02:45]} 57... Kf6 {[%clk 0:45:50]}
58. Rab6 {[%clk 0:02:35]} 58... Ree8 {[%clk 0:45:42]} 59. Rh7 {[%clk 0:02:27]}
59... Kg6 {[%clk 0:46:00]} 60. Rd7 {[%clk 0:02:46]} 60... Re6 {[%clk 0:45:04]}
61. Rxd5 {[%clk 0:02:22]} 61... Bc7 {[%clk 0:45:13]} 62. Ra6 {[%clk 0:02:30]}
62... Bb8 {[%clk 0:43:00]} 63. Rd7 {[%clk 0:02:24]} 63... Rce8 {[%clk 0:42:37]}
64. Rb6 {[%clk 0:02:16]} 64... Rc8 {[%clk 0:42:14]} 65. Rbb7 {[%clk 0:02:11]}
65... Kf6 {[%clk 0:41:54]} 66. Rf7+ {[%clk 0:02:12]} 66... Kg6 {[%clk 0:42:15]}
67. Rg7+ {[%clk 0:02:26]} 67... Kh6 {[%clk 0:42:31]} 68. Rh7+ {[%clk 0:02:14]}
68... Kg6 {[%clk 0:42:54]} 69. Rbg7+ {[%clk 0:02:38]} 69... Kf6 {[%clk 0:43:17]
} 70. Rf7+ {[%clk 0:03:05]} 70... Kg6 {[%clk 0:43:41]} 71. Rhg7+ { [%clk
0:03:30]} 71... Kh6 {[%clk 0:44:04]} 72. Ne3 {[%clk 0:03:48]} 1-0

[Event "DEM U12 2018"]
[Site "Willingen GER"]
[Date "2018.05.25"]
[Round "9"]
[White "Metzdorf, Matteo"]
[Black "Bakiev, Diyor"]
[Result "1-0"]
[Termination "normal"]
[Board "3"]
[WhiteElo "1832"]
[BlackElo "1752"]
[WhiteClock "00:07:49"]
[BlackClock "00:06:58"]
[PlyCount "79"]
[WhiteFideId "16209869"]
[BlackFideId "16241584"]
[EventCountry "GER"]
[EventRounds "11"]
[EventType "swiss"]
[EventDate "2018.05.19"]

1. e4 {[%clk 1:15:57]} 1... e5 {[%clk 1:15:53]} 2. Nf3 {[%clk 1:16:20]} 2...
Nc6 {[%clk 1:16:18]} 3. Bb5 {[%clk 1:16:45]} 3... a6 {[%clk 1:16:38]} 4. Ba4 {
[%clk 1:17:11]} 4... Nf6 {[%clk 1:16:53]} 5. O-O {[%clk 1:17:34]} 5... Be7 {
[%clk 1:17:15]} 6. Re1 {[%clk 1:17:58]} 6... b5 {[%clk 1:17:36]} 7. Bb3 { [%clk
1:18:26]} 7... O-O {[%clk 1:17:57]} 8. a4 {[%clk 1:17:35]} 8... Bb7 { [%clk
1:17:29]} 9. c3 {[%clk 1:17:58]} 9... d6 {[%clk 1:15:34]} 10. d4 { [%clk
1:17:22]} 10... h6 {[%clk 1:13:22]} 11. Nbd2 {[%clk 1:15:36]} 11... Re8 { [%clk
1:12:52]} 12. Nf1 {[%clk 1:14:28]} 12... Bf8 {[%clk 1:09:19]} 13. Ng3 { [%clk
1:11:48]} 13... g6 {[%clk 1:06:13]} 14. Nh4 {[%clk 0:44:25]} 14... g5 { [%clk
0:50:49]} 15. Nhf5 {[%clk 0:43:56]} 15... exd4 {[%clk 0:50:34]} 16. cxd4 {[%clk
0:44:07]} 16... Ne7 {[%clk 0:50:18]} 17. f3 {[%clk 0:35:42]} 17... Nxf5 {[%clk
0:48:07]} 18. Nxf5 {[%clk 0:35:54]} 18... Qd7 {[%clk 0:42:27]} 19. Bc2 { [%clk
0:27:57]} 19... c5 {[%clk 0:35:10]} 20. h4 {[%clk 0:24:33]} 20... d5 { [%clk
0:25:36]} 21. hxg5 {[%clk 0:23:03]} 21... hxg5 {[%clk 0:25:36]} 22. Bxg5 22...
dxe4 {[%clk 0:23:24]} 23. fxe4 {[%clk 0:17:17]} 23... Nh7 {[%clk 0:11:01] } 24.
Qg4 {[%clk 0:16:44]} 24... Kh8 {[%clk 0:10:18]} 25. Qh3 {[%clk 0:08:40]} 25...
Qe6 {[%clk 0:08:17]} 26. e5 {[%clk 0:08:25]} 26... Qg6 {[%clk 0:07:51]} 27.
Bf6+ {[%clk 0:07:25]} 27... Kg8 {[%clk 0:07:49]} 28. Ne7+ {[%clk 0:06:53]}
28... Bxe7 {[%clk 0:06:53]} 29. Bxg6 {[%clk 0:07:15]} 29... fxg6 { [%clk
0:06:55]} 30. Qh6 {[%clk 0:06:16]} 30... Bxf6 {[%clk 0:06:28]} 31. exf6 { [%clk
0:06:10]} 31... Nxf6 {[%clk 0:05:46]} 32. Qxg6+ {[%clk 0:06:11]} 32... Kf8
{[%clk 0:06:06]} 33. Qxf6+ {[%clk 0:06:26]} 33... Kg8 {[%clk 0:06:32]} 34.
Rxe8+ {[%clk 0:06:15]} 34... Rxe8 {[%clk 0:06:58]} 35. Qg6+ {[%clk 0:06:41]}
35... Kf8 {[%clk 0:07:24]} 36. Rf1+ {[%clk 0:07:05]} 36... Ke7 {[%clk 0:07:48]}
37. Re1+ {[%clk 0:07:32]} 37... Kd7 {[%clk 0:06:38]} 38. Qxe8+ {[%clk 0:07:25]}
38... Kc7 {[%clk 0:06:35]} 39. Re7+ {[%clk 0:07:43]} 39... Kb6 {[%clk 0:06:58]}
40. Qd8+ {[%clk 0:07:49]} 1-0

[Event "DEM U12 2018"]
[Site "Willingen GER"]
[Date "2018.05.25"]
[Round "9"]
[White "Farokhi, Keyvan"]
[Black "Foerster-Yialamas, Lucas"]
[Result "1-0"]
[Termination "normal"]
[Board "4"]
[WhiteElo "1844"]
[BlackElo "1924"]
[WhiteClock "00:23:38"]
[BlackClock "00:31:49"]
[PlyCount "71"]
[WhiteFideId "12998630"]
[BlackFideId "30901774"]
[EventCountry "GER"]
[EventRounds "11"]
[EventType "swiss"]
[EventDate "2018.05.19"]

1. d4 {[%clk 1:15:55]} 1... Nf6 {[%clk 1:15:56]} 2. c4 {[%clk 1:16:21]} 2... g6
{[%clk 1:16:23]} 3. Nc3 {[%clk 1:16:45]} 3... d5 {[%clk 1:16:52]} 4. cxd5 {
[%clk 1:17:06]} 4... Nxd5 {[%clk 1:17:21]} 5. e4 {[%clk 1:16:38]} 5... Nxc3 {
[%clk 1:17:50]} 6. bxc3 {[%clk 1:16:31]} 6... Bg7 {[%clk 1:18:19]} 7. Be3 {
[%clk 1:16:33]} 7... c5 {[%clk 1:18:40]} 8. Rc1 {[%clk 1:15:55]} 8... O-O {
[%clk 1:18:56]} 9. Qd2 {[%clk 1:16:13]} 9... Qa5 {[%clk 1:18:47]} 10. d5 {
[%clk 1:15:23]} 10... Rd8 {[%clk 1:17:58]} 11. Nf3 {[%clk 1:15:12]} 11... Bg4 {
[%clk 1:15:39]} 12. c4 {[%clk 1:10:42]} 12... Qa3 {[%clk 1:13:51]} 13. h4 {
[%clk 1:02:29]} 13... Nc6 {[%clk 1:11:02]} 14. Nh2 {[%clk 1:01:41]} 14... Bc8 {
[%clk 1:05:40]} 15. h5 {[%clk 0:53:45]} 15... Nd4 {[%clk 1:02:34]} 16. hxg6
16... fxg6 {[%clk 0:58:24]} 17. Nf3 {[%clk 0:45:21]} 17... Nxf3+ { [%clk
0:57:26]} 18. gxf3 {[%clk 0:45:38]} 18... Bd7 {[%clk 0:53:15]} 19. Be2 { [%clk
0:43:54]} 19... Ba4 {[%clk 0:53:01]} 20. Kf1 {[%clk 0:42:14]} 20... Bb2 { [%clk
0:48:21]} 21. Rb1 {[%clk 0:42:40]} 21... Bc3 {[%clk 0:47:46]} 22. Bxc5 { [%clk
0:42:30]} 22... Bxd2 {[%clk 0:47:42]} 23. Bxa3 {[%clk 0:42:52]} 23... Rd7
{[%clk 0:47:10]} 24. e5 {[%clk 0:36:32]} 24... Bc2 {[%clk 0:45:01]} 25. Ra1 {
[%clk 0:26:06]} 25... Ba4 {[%clk 0:39:18]} 26. e6 {[%clk 0:25:21]} 26... Rc7 {
[%clk 0:39:40]} 27. c5 {[%clk 0:25:22]} 27... Bf4 {[%clk 0:36:57]} 28. d6 {
[%clk 0:22:33]} 28... Rc6 {[%clk 0:35:17]} 29. d7 {[%clk 0:22:17]} 29... a6 {
[%clk 0:34:35]} 30. Rb1 {[%clk 0:21:31]} 30... Rxe6 {[%clk 0:31:05]} 31. Bc4 {
[%clk 0:21:45]} 31... Bb5 {[%clk 0:31:34]} 32. Rxb5 {[%clk 0:22:05]} 32... axb5
{[%clk 0:31:15]} 33. Bxe6+ {[%clk 0:22:28]} 33... Kg7 {[%clk 0:31:32]} 34. Bb2+
{[%clk 0:22:51]} 34... Kf8 {[%clk 0:31:38]} 35. Rxh7 {[%clk 0:23:14]} 35... Be5
{[%clk 0:31:49]} 36. Bxe5 {[%clk 0:23:38]} 1-0

[Event "DEM U12 2018"]
[Site "Willingen GER"]
[Date "2018.05.25"]
[Round "9"]
[White "Wagner, Leopold Franziskus"]
[Black "Chassard, Cedric"]
[Result "1/2-1/2"]
[Termination "normal"]
[Board "5"]
[WhiteElo "2234"]
[BlackElo "1590"]
[WhiteClock "00:04:55"]
[BlackClock "00:57:54"]
[PlyCount "173"]
[WhiteFideId "1641581"]
[BlackFideId "16243536"]
[EventCountry "GER"]
[EventRounds "11"]
[EventType "swiss"]
[EventDate "2018.05.19"]

1. d4 {[%clk 1:15:55]} 1... e6 {[%clk 1:15:57]} 2. Nf3 {[%clk 1:16:17]} 2...
Nf6 {[%clk 1:16:09]} 3. g3 {[%clk 1:16:41]} 3... c5 {[%clk 1:15:35]} 4. c3 {
[%clk 1:15:31]} 4... Nc6 {[%clk 1:14:54]} 5. Bg2 {[%clk 1:15:45]} 5... Be7 {
[%clk 1:14:04]} 6. O-O {[%clk 1:15:47]} 6... O-O {[%clk 1:13:51]} 7. Nbd2 {
[%clk 1:15:43]} 7... b5 {[%clk 1:11:13]} 8. e4 {[%clk 1:15:43]} 8... Qb6 {
[%clk 1:11:08]} 9. dxc5 {[%clk 1:13:04]} 9... Bxc5 {[%clk 1:11:20]} 10. Qe2 {
[%clk 1:12:31]} 10... a5 {[%clk 1:08:07]} 11. e5 {[%clk 1:09:20]} 11... Nd5 {
[%clk 1:07:16]} 12. Ne4 {[%clk 1:08:40]} 12... Ba6 {[%clk 1:06:38]} 13. Qc2 {
[%clk 1:06:00]} 13... f5 {[%clk 1:06:35]} 14. exf6 {[%clk 1:04:45]} 14... Nxf6
{[%clk 1:06:50]} 15. Nxf6+ {[%clk 1:03:51]} 15... Rxf6 {[%clk 1:06:35]} 16. Ng5
{[%clk 1:03:49]} 16... g6 {[%clk 1:06:08]} 17. Ne4 {[%clk 1:03:43]} 17... Rf7 {
[%clk 1:05:18]} 18. Nxc5 {[%clk 1:02:58]} 18... Qxc5 {[%clk 1:05:34]} 19. Be3 {
[%clk 1:03:20]} 19... Qf5 {[%clk 1:05:02]} 20. Be4 {[%clk 1:02:53]} 20... Qf6 {
[%clk 1:04:35]} 21. f4 {[%clk 1:01:18]} 21... d5 {[%clk 1:04:22]} 22. Bg2 {
[%clk 1:01:26]} 22... b4 {[%clk 1:03:43]} 23. Rfe1 {[%clk 1:00:45]} 23... bxc3
{[%clk 1:03:50]} 24. bxc3 {[%clk 1:01:09]} 24... Bc4 {[%clk 1:02:38]} 25. Rab1
{[%clk 1:00:38]} 25... Qf5 {[%clk 1:01:22]} 26. Qa4 {[%clk 0:59:21]} 26... Rc7
{[%clk 0:59:12]} 27. Rb6 {[%clk 0:58:01]} 27... Rac8 {[%clk 0:57:42]} 28. Rd1 {
[%clk 0:50:44]} 28... Qf7 {[%clk 0:55:18]} 29. Bh3 {[%clk 0:47:07]} 29... Be2 {
[%clk 0:52:54]} 30. Re1 {[%clk 0:46:37]} 30... Bd3 {[%clk 0:53:01]} 31. Bc5 {
[%clk 0:46:33]} 31... Nd8 {[%clk 0:51:40]} 32. Bd4 {[%clk 0:46:22]} 32... Rc4 {
[%clk 0:51:02]} 33. Qa3 {[%clk 0:42:59]} 33... R4c6 {[%clk 0:50:11]} 34. Qxa5 {
[%clk 0:42:02]} 34... Rxb6 {[%clk 0:50:03]} 35. Qxb6 {[%clk 0:42:23]} 35... Be4
{[%clk 0:49:50]} 36. Qd6 {[%clk 0:42:06]} 36... Bf5 {[%clk 0:47:05]} 37. Bg2 {
[%clk 0:41:09]} 37... Qc7 {[%clk 0:46:09]} 38. Qb4 {[%clk 0:39:22]} 38... Nc6 {
[%clk 0:45:39]} 39. Qb2 {[%clk 0:30:26]} 39... Nxd4 {[%clk 0:45:56]} 40. cxd4 {
[%clk 0:28:35]} 40... Qc3 {[%clk 0:45:55]} 41. Qxc3 {[%clk 0:22:25]} 41... Rxc3
{[%clk 0:46:14]} 42. Rd1 {[%clk 0:21:45]} 42... Ra3 {[%clk 0:45:40]} 43. Ra1 {
[%clk 0:19:23]} 43... Kf7 {[%clk 0:45:46]} 44. Bf1 {[%clk 0:08:09]} 44... Bc2 {
[%clk 0:44:13]} 45. Bh3 {[%clk 0:08:08]} 45... Bf5 {[%clk 0:44:04]} 46. Bxf5 {
[%clk 0:08:07]} 46... exf5 {[%clk 0:44:08]} 47. Kf2 {[%clk 0:08:05]} 47... Kf6
{[%clk 0:43:20]} 48. Ke2 {[%clk 0:08:22]} 48... Ke6 {[%clk 0:43:46]} 49. Kd2 {
[%clk 0:08:38]} 49... Kd6 {[%clk 0:44:01]} 50. Kc2 {[%clk 0:08:25]} 50... Kc6 {
[%clk 0:43:40]} 51. Rc1 {[%clk 0:06:38]} 51... Kb6 {[%clk 0:43:39]} 52. Rb1+ {
[%clk 0:04:49]} 52... Ka7 {[%clk 0:43:01]} 53. Rb2 {[%clk 0:03:43]} 53... Re3 {
[%clk 0:42:25]} 54. Kd2 {[%clk 0:03:03]} 54... Ra3 {[%clk 0:42:47]} 55. Ke2 {
[%clk 0:03:17]} 55... Rc3 {[%clk 0:43:10]} 56. Rd2 {[%clk 0:03:10]} 56... Ra3 {
[%clk 0:42:34]} 57. Kf2 {[%clk 0:03:22]} 57... Rc3 {[%clk 0:42:47]} 58. Kg2 {
[%clk 0:03:27]} 58... Ra3 {[%clk 0:43:07]} 59. Kh3 {[%clk 0:03:42]} 59... h6 {
[%clk 0:43:13]} 60. Kh4 {[%clk 0:03:58]} 60... Kb7 {[%clk 0:43:09]} 61. Kh3 {
[%clk 0:14:54]} 61... Ka7 {[%clk 0:58:04]} 62. Re2 {[%clk 0:14:06]} 62... Rd3 {
[%clk 0:56:27]} 63. Re6 {[%clk 0:14:15]} 63... g5 {[%clk 0:56:36]} 64. fxg5 {
[%clk 0:14:06]} 64... hxg5 {[%clk 0:57:01]} 65. Re5 {[%clk 0:13:56]} 65... Rxd4
{[%clk 0:57:21]} 66. Rxf5 {[%clk 0:14:21]} 66... g4+ {[%clk 0:57:47]} 67. Kh4 {
[%clk 0:14:33]} 67... Kb6 {[%clk 0:58:03]} 68. Rf4 {[%clk 0:12:02]} 68... Rd2 {
[%clk 0:57:03]} 69. Kxg4 {[%clk 0:11:58]} 69... Rxh2 {[%clk 0:57:26]} 70. a4 {
[%clk 0:12:17]} 70... Kc5 {[%clk 0:57:15]} 71. Rf1 {[%clk 0:08:45]} 71... d4 {
[%clk 0:56:29]} 72. Ra1 {[%clk 0:07:56]} 72... d3 {[%clk 0:55:36]} 73. a5 {
[%clk 0:07:42]} 73... Rh8 {[%clk 0:55:56]} 74. a6 {[%clk 0:06:04]} 74... Kc4 {
[%clk 0:55:44]} 75. a7 {[%clk 0:04:12]} 75... d2 {[%clk 0:55:54]} 76. Kf5 {
[%clk 0:03:50]} 76... Kc3 {[%clk 0:55:35]} 77. g4 {[%clk 0:03:37]} 77... Kc2 {
[%clk 0:55:48]} 78. g5 {[%clk 0:03:28]} 78... d1=Q {[%clk 0:56:06]} 79. Rxd1 {
[%clk 0:03:37]} 79... Kxd1 {[%clk 0:56:30]} 80. g6 {[%clk 0:03:54]} 80... Ra8 {
[%clk 0:56:48]} 81. g7 {[%clk 0:03:47]} 81... Kd2 {[%clk 0:57:07]} 82. Ke6 {
[%clk 0:03:35]} 82... Kd3 {[%clk 0:57:07]} 83. Kd5 {[%clk 0:03:23]} 83... Ke3 {
[%clk 0:56:38]} 84. Kc6 {[%clk 0:03:37]} 84... Rg8 {[%clk 0:57:03]} 85. Kb7 {
[%clk 0:04:01]} 85... Rxg7+ {[%clk 0:57:28]} 86. Kb8 {[%clk 0:04:28]} 86...
Rxa7 {[%clk 0:57:54]} 87. Kxa7 {[%clk 0:04:55]} 1/2-1/2